Blitz: Name A... Quiz Stats

Quiz Updated Jun 14, 2018

Challenge
Share
Tweet
Embed
Score 0/45 Timer 03:00
1 Play Today
% Correct
Name A...Arm
98.5%
Name A...Earth
98.5%
Name A...Red
96.3%
Name A...Fiji
96%
Name A...Alpha
94.3%
Name A...Missouri
92.9%
Name A...Toy Story
92.3%
Name A...Dasher
91.5%
Name A...Lust
89.5%
Name A...King
89%
Name A...Doc
87.3%
Name A...Peter
85.2%
Name A...Garnet
84.5%
Name A...Nixon
84.1%
Name A...Colorado
83.7%
Name A...Ross
81.8%
Name A...Phoenix
77.8%
Name A...Helium
77.7%
Name A...The Fellowship of the Ring
77.5%
Name A...Sorcerer's Stone
76.7%
Name A... Smith
75.1%
Name A...Beat It
71.5%
Name A...Please Please Me
70.9%
% Correct
Name A... Special Sauce
68.5%
Name A...Thatcher
66%
Name A...New Year's Day
63.8%
Name A... Sydney
62.8%
Name A...Baku
62.6%
Name A...Blue Jays
60.3%
Name A... Winter
58.5%
Name A... Jackie
56.8%
Name A... Straight Flush
56.4%
Name A... Marcia
56.2%
Name A... Digital Fortress
53.7%
Name A... Coleman
49.8%
Name A...Lunes
49%
Name A... ACRE
48.5%
Name A... Leo XIII
46.8%
Name A... Andromeda
39.3%
Name A... The Killing
33.4%
Name A... Candy
33.4%
Name A... Dushanbe
28.9%
Name A...Lou Grant
26.2%
Name A...Wings
25.4%
Name A...Venusaur
22.1%

You're not logged in!

Compare scores with friends on all Sporcle quizzes.
Join for Free
OR
Log In

You Might Also Like...

Show Comments

Extras

Top Quizzes Today


Score Distribution

Your Account Isn't Verified!

In order to create a playlist on Sporcle, you need to verify the email address you used during registration. Go to your Sporcle Settings to finish the process.

Report this User

Report this user for behavior that violates our Community Guidelines.

Details: